[Event "Barcelona Segura Memorial 1st"]
[Site "Barcelona"]
[Date "2021.10.27"]
[Round "5"]
[White "Jimenez Martinez, Javier"]
[Black "Carrey Abellan, Enric"]
[Result "0-1"]
[WhiteElo "1896"]
[BlackElo "1768"]
[PlyCount "66"]
[EventDate "2021.09.29"]
[EventType "swiss"]
[EventRounds "9"]
[EventCountry "ESP"]
[SourceTitle "EXT 2023"]
[Source "ChessBase"]
[SourceDate "2022.10.05"]
[SourceVersion "1"]
[SourceVersionDate "2022.10.05"]
[SourceQuality "1"]

1. d4 Nf6 2. c4 c5 3. d5 b5 4. cxb5 a6 5. e3 g6 6. Nc3 Bg7 7. Nf3 0-0 8. a4 axb5 9. Bxb5 Ba6 10. Bxa6 Nxa6 11. 0-0 d6 12. e4 Qb6 13. Rb1 Rfb8 14. Bd2 Nd7 15. Nb5 Nc7 16. Na3 Qb3 17. a5 Qd3 18. Qa4 Ne5 19. Nxe5 Bxe5 20. Nc4 Qxe4 21. Rfe1 Qxd5 22. Rbd1 Bf6 23. Bc3 Qg5 24. Qc6 Bxc3 25. bxc3 Ne6 26. Rb1 Nf4 27. a6 Qd5 28. Rxb8+ Rxb8 29. a7 Ra8 30. Qxd5 Nxd5 31. Ra1 Kf8 32. Ra6 Ke8 33. Na5 Nc7 0-1

[Event "Barcelona Sant Marti op 8th"]
[Site "Barcelona"]
[Date "2019.03.14"]
[Round "9"]
[White "Jimenez Martinez, Javier"]
[Black "Pena Mor, David"]
[Result "1/2-1/2"]
[WhiteElo "1871"]
[BlackElo "1915"]
[PlyCount "27"]
[EventDate "2019.01.17"]
[EventType "swiss"]
[EventRounds "9"]
[EventCountry "ESP"]
[SourceTitle "CBM 189 Extra"]
[Source "ChessBase"]
[SourceDate "2019.05.31"]
[SourceVersion "1"]
[SourceVersionDate "2019.05.31"]
[SourceQuality "1"]

1. d4 Nf6 2. c4 e6 3. Nf3 b6 4. a3 Bb7 5. Nc3 d5 6. cxd5 Nxd5 7. Qc2 Be7 8. e4 Nxc3 9. bxc3 c5 10. Bd3 Qc7 11. 0-0 cxd4 12. cxd4 Qxc2 13. Bxc2 0-0 14. Bb2 1/2-1/2

[Event "Barcelona Sant Marti op 8th"]
[Site "Barcelona"]
[Date "2019.02.14"]
[Round "5"]
[White "Garcia Martinez, Josep"]
[Black "Jimenez Martinez, Javier"]
[Result "1/2-1/2"]
[WhiteElo "2058"]
[BlackElo "1871"]
[PlyCount "64"]
[EventDate "2019.01.17"]
[EventType "swiss"]
[EventRounds "9"]
[EventCountry "ESP"]
[SourceTitle "CBM 189 Extra"]
[Source "ChessBase"]
[SourceDate "2019.05.31"]
[SourceVersion "1"]
[SourceVersionDate "2019.05.31"]
[SourceQuality "1"]

1. e4 e6 2. d4 d5 3. Bd3 dxe4 4. Bxe4 Nf6 5. Bf3 Nc6 6. Ne2 e5 7. Bxc6+ bxc6 8. dxe5 Qxd1+ 9. Kxd1 Ng4 10. Be3 Nxe3+ 11. fxe3 Bg4 12. h3 Rd8+ 13. Ke1 Bd7 14. Nbc3 Be7 15. Nf4 0-0 16. Ke2 Bc8 17. Rad1 Rde8 18. Ne4 f5 19. exf6 Bxf6 20. Nxf6+ Rxf6 21. Rd4 c5 22. Ra4 Bd7 23. Rxa7 Rxf4 24. b3 Rfe4 25. Rxc7 Rxe3+ 26. Kd2 Re2+ 27. Kd1 Bf5 28. Rxc5 Bg6 29. Kc1 Rxg2 30. Kb2 Re3 31. Rc7 Bf5 32. h4 g6 1/2-1/2

[Event "Barcelona Sant Marti op 8th"]
[Site "Barcelona"]
[Date "2019.01.31"]
[Round "3"]
[White "Vicente Perales, Manel"]
[Black "Jimenez Martinez, Javier"]
[Result "0-1"]
[WhiteElo "1363"]
[BlackElo "1871"]
[PlyCount "42"]
[EventDate "2019.01.17"]
[EventType "swiss"]
[EventRounds "9"]
[EventCountry "ESP"]
[SourceTitle "CBM 189 Extra"]
[Source "ChessBase"]
[SourceDate "2019.05.31"]
[SourceVersion "1"]
[SourceVersionDate "2019.05.31"]
[SourceQuality "1"]

1. d4 Nf6 2. Nf3 g6 3. e3 Bg7 4. Bd3 0-0 5. b3 d6 6. Bb2 Nbd7 7. Nbd2 c5 8. 0-0 Qc7 9. c4 e5 10. dxe5 dxe5 11. e4 Nh5 12. Re1 Rd8 13. Be2 Nf8 14. Ng5 Nf4 15. g3 Nxe2+ 16. Qxe2 f6 17. Ngf3 Bg4 18. Qf1 Bh6 19. Rad1 Bxd2 20. Nxd2 Bxd1 21. Rxd1 Qa5 0-1

[Event "Barcelona Sant Marti op-B 15th"]
[Site "Barcelona"]
[Date "2013.07.20"]
[Round "8"]
[White "Benet Saniger, Xavier"]
[Black "Jimenez Martinez, Javier"]
[Result "0-1"]
[WhiteElo "1797"]
[BlackElo "1943"]
[PlyCount "78"]
[EventDate "2013.07.13"]
[EventType "swiss"]
[EventRounds "9"]
[EventCountry "ESP"]
[SourceTitle "CBM 155 Extra"]
[Source "ChessBase"]
[SourceDate "2013.08.26"]
[SourceVersion "1"]
[SourceVersionDate "2013.08.26"]
[SourceQuality "1"]

1. d4 Nf6 2. c4 g6 3. Nc3 Bg7 4. e4 d6 5. Nf3 0-0 6. Be2 c6 7. 0-0 Nbd7 8. h3 e5 9. Be3 Qe7 10. Qc2 Nh5 11. d5 c5 12. a3 Nf4 13. b4 b6 14. Rfb1 f5 15. Kh2 Nf6 16. bxc5 bxc5 17. Rb3 Nxe4 18. Nxe4 fxe4 19. Ng1 Nd3 20. Bf1 Qf6 21. Ra2 Bf5 22. g4 Bd7 23. Rb7 Bc8 24. Rb1 h5 25. g5 Qf5 26. Ne2 Nf4 27. Ng3 Qxg5 28. Bxf4 Rxf4 29. Nxe4 Rxe4 30. Qxe4 Bf5 31. Qe1 Qf4+ 32. Kg1 Bxb1 33. Qxb1 e4 34. Bg2 Re8 35. Re2 Bd4 36. Kf1 Kg7 37. Bxe4 Rf8 38. Bxg6 Bxf2 39. Qb2+ Bd4+ 0-1

[Event "Barcelona Sant Marti op-B 15th"]
[Site "Barcelona"]
[Date "2013.07.18"]
[Round "6"]
[White "Martinez Hernandez, Emili"]
[Black "Jimenez Martinez, Javier"]
[Result "1-0"]
[WhiteElo "1756"]
[BlackElo "1943"]
[PlyCount "121"]
[EventDate "2013.07.13"]
[EventType "swiss"]
[EventRounds "9"]
[EventCountry "ESP"]
[SourceTitle "CBM 155 Extra"]
[Source "ChessBase"]
[SourceDate "2013.08.26"]
[SourceVersion "1"]
[SourceVersionDate "2013.08.26"]
[SourceQuality "1"]

1. d4 Nf6 2. Nc3 g6 3. e4 d6 4. Nf3 Bg7 5. Bg5 c6 6. Qd2 b5 7. Bd3 0-0 8. Bh6 Nbd7 9. e5 dxe5 10. dxe5 Ng4 11. Bxg7 Kxg7 12. Qe2 Qc7 13. e6 fxe6 14. Ng5 Nde5 15. f3 Nxd3+ 16. Qxd3 Qe5+ 17. Nge4 Nf6 18. 0-0-0 b4 19. Na4 Nxe4 20. Qxe4 Qb5 21. b3 e5 22. Rhe1 Rf5 23. g4 Rf4 24. Qxe5+ Qxe5 25. Rxe5 Rxf3 26. Rxe7+ Rf7 27. Re4 a5 28. Nb6 Rb8 29. Nc4 Rf2 30. h4 h5 31. Ne3 hxg4 32. Nxg4 Rf7 33. Ne3 Ba6 34. Rd6 Rbf8 35. Re5 Bb5 36. h5 gxh5 37. Rxh5 Re8 38. Nf5+ Rxf5 39. Rxf5 Re1+ 40. Kb2 Re2 41. Rxb5 cxb5 42. Rd5 Re6 43. Rxb5 Ra6 44. a3 bxa3+ 45. Kxa3 Kf7 46. Ka4 Ke7 47. Rxa5 Rh6 48. Ra7+ Kd8 49. c4 Kc8 50. b4 Kb8 51. Rf7 Rg6 52. Ka5 Rh6 53. c5 Rc6 54. Kb5 Rh6 55. c6 Rh4 56. Ka5 Ka8 57. b5 Rh8 58. Ka6 Rc8 59. b6 Rh8 60. Ra7+ Kb8 61. c7+ 1-0

[Event "Montseny op 3rd"]
[Site "Montseny"]
[Date "2012.04.14"]
[Round "1"]
[White "Saez Ortega, Jose"]
[Black "Jimenez Martinez, Javier"]
[Result "0-1"]
[WhiteElo "1637"]
[BlackElo "1999"]
[PlyCount "90"]
[EventDate "2012.04.14"]
[EventType "swiss"]
[EventRounds "8"]
[EventCountry "ESP"]
[SourceTitle "CBM 148 Extra"]
[Source "ChessBase"]
[SourceDate "2012.06.22"]
[SourceVersion "1"]
[SourceVersionDate "2012.06.22"]
[SourceQuality "1"]

1. e4 e6 2. d4 d5 3. Nc3 Nf6 4. Bg5 Be7 5. e5 Nfd7 6. Bxe7 Qxe7 7. Bd3 a6 8. Qg4 f5 9. exf6 Nxf6 10. Qh4 c5 11. Nf3 cxd4 12. Nxd4 0-0 13. 0-0 Nc6 14. Rae1 Qb4 15. Nf3 Qxb2 16. Nd1 Qb4 17. c3 Qxh4 18. Nxh4 e5 19. g3 Bh3 20. Ng2 e4 21. Bb1 Ne5 22. Kh1 Nf3 23. Re2 Ng4 24. Nde3 Ngxh2 25. Rc1 Rf6 26. Nf4 Be6 27. Nxe6 Rxe6 28. Kg2 Rd8 29. Rd1 Rh6 30. Rh1 Rh5 31. Bc2 Rc8 32. Bb3 Rc5 33. Rd1 Kf8 34. Bxd5 Rxc3 35. Bxe4 Ng5 36. Bxb7 Rc7 37. Bxa6 Nhf3 38. Nf1 Rc6 39. Bb7 Rf6 40. Rd8+ Kf7 41. Ree8 Kg6 42. Rf8 Ne1+ 43. Kg1 Nh3+ 44. Kh2 Nf4+ 45. Kg1 Ne2# 0-1